000 00764nam a2200277Ia 4500
003 OSt
005 20221006153224.0
006 a|||||r|||| 00| 0
007 ta
008 221006b |||||||| |||| 00| 0 kor d
020 _cW 18,000 (each)
024 _a31,671
037 _bGift, Korean Embassy
_cTextual
040 _aEASL
_cEASL
_bkor
041 _2kor
_akor
082 _aW,64.495v, P3-;1
100 _aO In-Hwan Au.
_9662980
245 0 _aWe gi gwalli-ui ledoship (leadership)
260 _aSeoul
_bYollin Chaekdeul Korea
_c2003
300 _a546p.
_ccm.
490 _v KL
650 _a KL
650 _aLeadership
942 _hW,64.495v, P3-;1
_cTEXL
_2CC
999 _c1099757
_d1099757